Sports Quiz

Random Sports or MLB Quiz

MLB WAR Leaders by Season - AL Central Quiz Stats

 Plays Quiz not verified by Sporcle

Challenge
Share
Tweet
Embed
Score 0/215 Timer 10:00
0 Plays Today
Team Player % Correct
White SoxKen Brett
95.7%
RoyalsGeorge Brett
95.7%
RoyalsGeorge Brett
95.7%
RoyalsGeorge Brett
95.7%
RoyalsGeorge Brett
95.7%
RoyalsGeorge Brett
95.7%
RoyalsGeorge Brett
95.7%
TwinsKirby Puckett
94.1%
TwinsKirby Puckett
94.1%
TwinsKirby Puckett
94.1%
TwinsKirby Puckett
94.1%
TwinsKirby Puckett
94.1%
White SoxFrank Thomas
93.4%
White SoxFrank Thomas
93.4%
White SoxFrank Thomas
93.4%
White SoxFrank Thomas
93.4%
White SoxFrank Thomas
93.4%
White SoxFrank Thomas
93.4%
White SoxFrank Thomas
93.4%
TigersAlan Trammell
90.5%
TigersAlan Trammell
90.5%
TigersAlan Trammell
90.5%
TigersAlan Trammell
90.5%
TigersAlan Trammell
90.5%
TigersAlan Trammell
90.5%
TwinsJoe Mauer
89.1%
TwinsJoe Mauer
89.1%
TwinsJoe Mauer
89.1%
TwinsRod Carew
88.6%
TwinsRod Carew
88.6%
TwinsRod Carew
88.6%
TwinsRod Carew
88.6%
TigersJustin Verlander
88.6%
TigersMiguel Cabrera
88.6%
TigersJustin Verlander
88.6%
TigersJustin Verlander
88.6%
IndiansAsdrubal Cabrera
88.6%
TwinsJohan Santana
88%
TwinsJohan Santana
88%
TwinsJohan Santana
88%
TwinsJohan Santana
88%
IndiansCarlos Santana
88%
TigersLou Whitaker
87.3%
TigersLou Whitaker
87.3%
TigersLou Whitaker
87.3%
TigersLou Whitaker
87.3%
TigersLou Whitaker
87.3%
IndiansRoberto Alomar
85.9%
IndiansRoberto Alomar
85.9%
IndiansRoberto Alomar
85.9%
White SoxJim Thome
85.7%
IndiansJim Thome
85.7%
IndiansJim Thome
85.7%
IndiansJim Thome
85.7%
RoyalsBret Saberhagen
85.7%
RoyalsBret Saberhagen
85.7%
RoyalsBret Saberhagen
85.7%
TwinsBert Blyleven
83.6%
TwinsBert Blyleven
83.6%
TwinsBert Blyleven
83.6%
IndiansBert Blyleven
83.6%
IndiansBert Blyleven
83.6%
White SoxAlexei Ramirez
82.7%
IndiansBuddy Bell
82%
White SoxCarlton Fisk
80.9%
White SoxCarlton Fisk
80.9%
TwinsChuck Knoblauch
80.7%
TwinsChuck Knoblauch
80.7%
TwinsChuck Knoblauch
80.7%
TwinsChuck Knoblauch
80.7%
TwinsChuck Knoblauch
80.7%
White SoxAlbert Belle
80.2%
Team Player % Correct
IndiansAlbert Belle
80.2%
TigersJack Morris
78.9%
IndiansKenny Lofton
78.4%
IndiansKenny Lofton
78.4%
IndiansKenny Lofton
78.4%
IndiansKenny Lofton
78.4%
TigersCarlos Guillen
76.6%
TigersCarlos Guillen
76.6%
White SoxOzzie Guillen
76.6%
White SoxMagglio Ordonez
76.6%
White SoxMagglio Ordonez
76.6%
TwinsKent Hrbek
75.7%
IndiansGaylord Perry
75.7%
IndiansGaylord Perry
75.7%
IndiansGaylord Perry
75.7%
White SoxMark Buehrle
72.5%
White SoxMark Buehrle
72.5%
White SoxMark Buehrle
72.5%
White SoxMark Buehrle
72.5%
TigersMickey Lolich
71.8%
TigersMickey Lolich
71.8%
TigersMickey Lolich
71.8%
TigersMickey Lolich
71.8%
IndiansCliff Lee
71.6%
RoyalsZack Greinke
71.6%
RoyalsZack Greinke
71.6%
RoyalsZack Greinke
71.6%
TwinsFrank Viola
71.1%
TigersKirk Gibson
70%
RoyalsWillie Wilson
69.8%
RoyalsWillie Wilson
69.8%
RoyalsWillie Wilson
69.8%
IndiansTravis Hafner
69.3%
RoyalsCarlos Beltran
68.2%
IndiansGrady Sizemore
68%
IndiansGrady Sizemore
68%
IndiansSam McDowell
67%
TigersMark Fidrych
65.7%
White SoxHarold Baines
64.5%
White SoxHarold Baines
64.5%
RoyalsDarrell May
64.3%
RoyalsKevin Appier
63.9%
RoyalsKevin Appier
63.9%
RoyalsKevin Appier
63.9%
RoyalsKevin Appier
63.9%
RoyalsKevin Appier
63.9%
RoyalsKevin Appier
63.9%
IndiansC.C. Sabathia
63.2%
RoyalsJohnny Damon
63%
RoyalsJohnny Damon
63%
RoyalsAlex Gordon
63%
RoyalsAlex Gordon
63%
TwinsBrad Radke
62.3%
TwinsBrad Radke
62.3%
TwinsBrad Radke
62.3%
TwinsTony Oliva
62%
White SoxWilbur Wood
60.7%
White SoxWilbur Wood
60.7%
White SoxWilbur Wood
60.7%
RoyalsAmos Otis
60.5%
RoyalsAmos Otis
60.5%
White SoxChet Lemon
58.4%
White SoxChet Lemon
58.4%
White SoxChet Lemon
58.4%
White SoxChet Lemon
58.4%
RoyalsJohn Mayberry
58.4%
RoyalsJohn Mayberry
58.4%
RoyalsJohn Mayberry
58.4%
RoyalsDan Quisenberry
53.4%
RoyalsMark Gubicza
53.4%
White SoxChris Sale
51.1%
White SoxLaMarr Hoyt
50.9%
Team Player % Correct
TwinsJacque Jones
50.7%
IndiansJoe Carter
49.8%
White SoxTommy John
49.5%
IndiansAndre Thornton
49.5%
TigersPlacido Polanco
48.6%
TigersPlacido Polanco
48.6%
IndiansBrett Butler
46.8%
IndiansBrett Butler
46.8%
TigersCurtis Granderson
45.7%
TwinsGreg Gagne
45.5%
RoyalsBob Johnson
44.5%
TigersBobby Higginson
44.1%
TigersBobby Higginson
44.1%
White SoxTom Seaver
42.3%
RoyalsDavid Cone
41.8%
White SoxGoose Gossage
40.5%
TigersJason Thompson
40%
TigersJustin Thompson
40%
White SoxJim Kaat
40%
IndiansShin-Soo Choo
36.1%
IndiansShin-Soo Choo
36.1%
IndiansDennis Eckersley
35.2%
IndiansDennis Eckersley
35.2%
IndiansToby Harrah
34.8%
IndiansToby Harrah
34.8%
White SoxEsteban Loaiza
34.1%
TigersJohn Hiller
32%
TigersJohn Hiller
32%
TwinsTom Brunansky
30.9%
White SoxRichard Dotson
30.9%
IndiansBrook Jacoby
28.9%
TigersDmitri Young
28.2%
White SoxAlex Fernandez
28.2%
White SoxJohn Danks
28%
RoyalsSteve Busby
27.5%
TigersTony Phillips
26.4%
TigersTony Phillips
26.4%
TigersTony Phillips
26.4%
TwinsDenard Span
26.1%
TwinsA.J. Pierzynski
24.3%
TigersDamion Easley
24.3%
TwinsKevin Tapani
22.3%
IndiansGraig Nettles
22%
RoyalsJoakim Soria
22%
RoyalsGil Meche
21.8%
IndiansGreg Swindell
21.1%
IndiansGreg Swindell
21.1%
White SoxBritt Burns
20.7%
TwinsJerry Koosman
20.2%
TwinsDave Goltz
20%
TwinsScott Baker
19.8%
TwinsJohn Castino
19.5%
TwinsJoe Mays
18.6%
IndiansTom Candiotti
17.5%
White SoxIvan Calderon
15.2%
TigersDavid Wells
14.8%
White SoxAaron Rowand
14.8%
TigersDave Rozema
14.3%
White SoxJavier Vazquez
14.3%
TigersBrad Ausmus
11.8%
IndiansMilton Bradley
11.1%
RoyalsDavid DeJesus
10.9%
TwinsDoug Corbett
10.5%
TwinsDoug Corbett
10.5%
RoyalsMark Teahen
10%
RoyalsJose Offerman
8.6%
TigersJeff Weaver
8%
RoyalsPaul Byrd
6.1%
TigersSteve Sparks
4.5%
IndiansSid Monge
4.5%
IndiansLarry Sorenson
0.7%

You're not logged in!

Compare scores with friends on all Sporcle quizzes.
OR
Log In

You Might Also Like...

Show Comments

Extras

Top Quizzes Today


Score Distribution

Your Account Isn't Verified!

In order to create a playlist on Sporcle, you need to verify the email address you used during registration. Go to your Sporcle Settings to finish the process.

Report this User

Report this user for behavior that violates our Community Guidelines.

Details: